| 000 | 00677nam a2200241Ia 4500 | ||
|---|---|---|---|
| 003 | OSt | ||
| 005 | 20221007071924.0 | ||
| 006 | a|||||r|||| 00| 0 | ||
| 007 | ta | ||
| 008 | 221006b |||||||| |||| 00| 0 eng d | ||
| 024 | _a17,125 | ||
| 037 | _cTextual | ||
| 040 |
_aFLL _cFLL _beng |
||
| 041 |
_2eng _aeng |
||
| 082 | _aXM55:5.1, L4 | ||
| 100 |
_aFlanagan J Ed. _9689673 |
||
| 245 | 0 | _aBargaining without boundaries | |
| 260 |
_aLondon _bMacmillan Co. England _c1974 |
||
| 300 |
_axxviii,258p _ccm. |
||
| 700 |
_a Weber Arnold R. Ed. _9344955 |
||
| 942 |
_hXM55:5.1, L4 _cTEXL _2CC |
||
| 999 |
_c1144673 _d1144673 |
||